Hacia un nuevo Código Penal? Evolución histórica de la legislación penal chilena desde 1810 hasta nuestros días
Сохранить в:
| Главный автор: | |
|---|---|
| Формат: | |
| Язык: | испанский |
| Опубликовано: |
Santiago
Legal Publishing
2015
|
| Редактирование: | 1a. ed |
| Серии: | Monografías
|
| Предметы: | |
| Метки: |
Добавить метку
Нет меток, Требуется 1-ая метка записи!
|
MARC
| LEADER | 00000cam a2200000 a 4500 | ||
|---|---|---|---|
| 001 | UCE8132 | ||
| 003 | CL-VaPUC | ||
| 008 | 150728e20150000cl |||||||||||||||||spa|d | ||
| 020 | |a 9789563466720 | ||
| 082 | 0 | 4 | |a 345.83009 |b MAT |2 21 |
| 100 | |a Matus Acuña, Jean Pierre |e autor |9 622291 | ||
| 245 | 1 | 0 | |a Hacia un nuevo Código Penal? Evolución histórica de la legislación penal chilena desde 1810 hasta nuestros días |
| 250 | |a 1a. ed | ||
| 300 | |a 235 p | ||
| 942 | |c BK | ||
| 945 | |d 20150728 02:04:00 |a dcastane | ||
| 260 | |a Santiago |b Legal Publishing |c 2015 | ||
| 650 | 0 | |a Historia del derecho chileno |9 404081 | |
| 650 | 7 | |a HISTORIA DEL DERECHO PENAL |2 CL-VaPUC |9 470005 | |
| 583 | |a last modification |c 20150728 02:04:00 |k Rodrigo Vera | ||
| 490 | 0 | |a Monografías | |
| 999 | |c 360082 |d 360080 | ||
| 952 | |0 0 |1 0 |3 erb |4 0 |6 345_830090000000000_MAT_2015 |7 0 |8 A |9 469721 |a BIBDER |b BIBDER |i 5190908 |l 5 |o 345.83009 MAT 2015 |p 5190908 |r 2024-01-12 |s 2024-01-12 |w 2019-11-23 |y BK |z Catalogado en:20150728 |k DER | ||